Monthly Labor Review

Na minha lista:
Detalhes bibliográficos
Formato: Periódico
Idioma:inglês
Publicado em: Washington U.S. Department of labor
Tags: Adicionar Tag
Sem tags, seja o primeiro a adicionar uma tag!

MARC

LEADER 00000nas1a22000001 4500
001 s120959
005 20250701092118.8
022 |a 0098-1818 
022 |a 1937-4658 
041 0 |a eng 
044 |a US 
245 1 0 |a Monthly Labor Review 
264 1 |a Washington  |b U.S. Department of labor